Soviet Movies Quiz - Statistics

General Stats
  • This quiz has been taken 11 times
  • The average score is 8 of 25
Answer Stats
Plot Russian Name Movie % Correct
The Writer and the Professor are looking for a secret room in the forbidden Zone under the guidance of a Guide Сталкер Stalker
100%
A simple foreman finds himself on a dystopian planet Кин-дза-дза! Kin-dza-dza!
67%
A provincial pilot from Georgia comes to Moscow to fulfill his dream of becoming an pilot of international flights Мимино Mimino
67%
The cheerful employees of the club are preparing for a merry New Year, but the strict and boring boss wants to spoil everything Карнавальная ночь Carnival Night
56%
A tragicomedy about the sad life of just a plumber, full of problems Афоня Afonya
44%
Provincial girls come to Moscow for success and happiness Москва слезам не верит Moscow Does Not Believe in Tears
44%
On New Year's Eve, a man confuses an apartment and falls in love with a woman living in it Ирония судьбы, или С лёгким паром! The Irony of Fate
44%
A kindergarten teacher pretends to be a criminal in order to catch thieves, and in the process re-educates them Джентельмены удачи Gentlemen of Fortune
33%
The student's sweetheart is stolen by a Caucasian official to get married Кавказская пленница, или Новые приключения Шурика Kidnapping, Caucasian Style
33%
The Banks family is looking for a babysitter for the children, which turns out to be ..... (well?) Мэри Поппинс, до свидания Mary Poppins, Goodbye
33%
Generational change of a soldier's family through the history of the USSR during the Civil War, the war in China and Spain and WWII Офицеры Officers
33%
Soviet spy working undercover in Nazi Germany as Stirlitz Семнадцать мгновений весны Seventeen Moments of Spring
33%
During a cruise in Turkey, Gorbunkov accidentally falls into the scheme of smugglers and after that walks with a bandaged hand with diamonds Бриллиантовая рука The Diamond Arm
33%
During the time of war communism, a struggle begins for chairs, in one of which the deceased lady hid a rich inheritance 12 стульев The Twelve Chairs
33%
The student is expelled from the college for his passion for jazz, and after that he decides to create his own jazz band Мы из джаза We Are from Jazz
33%
A girl from the future Alice in pursuit of space pirates turns out to be in the 1970s Гостья из будущего Guest from the Future
22%
A frightening children's movie story about a stepdaughter found almost frozen in the forest by a wizard Морозко Morozko
22%
An employee tries to fill a vacant position by flirting with a hated boss Служебный роман Office Romance
22%
During the Second World War, five girls, led by an experienced soldier, go out for an operation, but they take turns dying А зори здесь тихие The Dawns Here Are Quiet
22%
A local womanizer is arguing that he will be able to fall in love with a new cook who turned him down at the disco Девчата The Girls
22%
Intelligent comes to the Wild West to introduce local residents to cinema Человек с Бульвара Капуцинов A Man from the Boulevard des Capucines
11%
The wizard turns the bear into a human on the condition that he will become a bear again if the princess kisses him Обыкновенное чудо An Ordinary Miracle
11%
Pilots between heaving and bloody battles with the Nazis are engaged in songs, rivalry and funny antics В бой идут одни "старики" Only "Old Men" Are Going into Battle
11%
A young inventor creates a time machine and brings Ivan the Terrible to the present Иван Васильевич меняет профессию Ivan Vasilyevich: Back to the Future
0%
A crime film about the confrontation between the search officers and the Black Cat gang Место встречи изменить нельзя The Meeting Place Cannot Be Changed
0%
No matching quizzes found
Score Distribution
Percent of People with Each Score
Percentile by Number Answered
Your Score History
You have not taken this quiz